Catálogo
 En Linea

Criterios básicos para estudios geotécnicos de carreteras / (Registro nro. 52246)

Detalles MARC
000 -CABECERA
campo de control de longitud fija 01441nam a2200289 i 4500
003 - IDENTIFICADOR DEL NÚMERO DE CONTROL
campo de control DO-SdBNP
005 - FECHA Y HORA DE LA ÚLTIMA TRANSACCIÓN
campo de control 20250903140047.0
007 - CAMPO FIJO DE DESCRIPCIÓN FÍSICA--INFORMACIÓN GENERAL
campo de control de longitud fija ta
008 - DATOS DE LONGITUD FIJA--INFORMACIÓN GENERAL
campo de control de longitud fija 220728b199u dr ||||| |||| 001 0 spa d
040 ## - FUENTE DE LA CATALOGACIÓN
Centro catalogador/agencia de origen DO-SdBNP
Lengua de catalogación spa
Centro/agencia transcriptor BNPHU
Normas de descripción rda
041 ## - CÓDIGO DE LENGUA
Código de lengua del texto/banda sonora o título independiente spa
082 4# - NÚMERO DE LA CLASIFICACIÓN DECIMAL DEWEY
Número de clasificación R426c
Número de documento/Ítem 352.77
Número de edición 22
110 10 - ENTRADA PRINCIPAL--NOMBRE DE ENTIDAD CORPORATIVA
Nombre de entidad corporativa o nombre de jurisdicción como elemento de entrada República Dominicana.
Unidad subordinada Secretaría de Estado de Obras Públicas y Comunicaciones
245 10 - MENCIÓN DE TÍTULO
Título Criterios básicos para estudios geotécnicos de carreteras /
264 #1 - PRODUCCIÓN, PUBLICACIÓN, DISTRIBUCIÓN, FABRICACIÓN Y COPYRIGHT
Producción, publicación, distribución, fabricación y copyright Santo Domingo :
Nombre del de productor, editor, distribuidor, fabricante Dirección General de Reglamentos y Sistemas DGRS,
Fecha de producción, publicación, distribución, fabricación o copyright [1990]
300 ## - DESCRIPCIÓN FÍSICA
Extensión 40 páginas :
Dimensiones 27 cm
336 ## - TIPO DE CONTENIDO
Término de tipo de contenido texto
Código de tipo de contenido txt
Fuente rdacontent
337 ## - TIPO DE MEDIO
Nombre/término del tipo de medio sin mediación
Código del tipo de medio n
Fuente rdamedia
338 ## - TIPO DE SOPORTE
Nombre/término del tipo de soporte volumen
Código del tipo de soporte nc
Fuente rdacarrier
490 1# - MENCIÓN DE SERIE
Mención de serie serie M-011
505 ## - NOTA DE CONTENIDO CON FORMATO
Título Aspectos generales -- Definiciones -- Estudios geotécnicos preliminares -- Estudio geotécnico para proyectos construcción de caminos vecinales, carreteras y autopistas -- Estudio geotécnico para el proyecto de reconstrucción y rehabilitación de carreteras y autopistas -- Estudio geotécnico para el proyecto de taludes en corte mayores de cinco (5) metros de altura -- Estudio geotécnico para el proyecto de túneles -- Estudio geotécnico de fundaciones /
590 ## - NOTA LOCAL (RLIN)
Nota local Inventariado, 2022 / SA
650 40 - PUNTO DE ACCESO ADICIONAL DE MATERIA--TÉRMINO DE MATERIA
9 (RLIN) 6560
Término de materia o nombre geográfico como elemento de entrada Carreteras
650 40 - PUNTO DE ACCESO ADICIONAL DE MATERIA--TÉRMINO DE MATERIA
Término de materia o nombre geográfico como elemento de entrada Construcción de carreteras
Subdivisión geográfica República Dominicana
9 (RLIN) 6560
856 ## - LOCALIZACIÓN Y ACCESO ELECTRÓNICOS
Texto de enlace https://www.mopc.gob.do/media/1946/r-011.pdf
942 ## - ELEMENTOS DE PUNTO DE ACCESO ADICIONAL (KOHA)
Fuente del sistema de clasificación o colocación Dewey Decimal Classification
Tipo de ítem Koha Folleto
Existencias
Estado de retiro Estado de pérdida Fuente del sistema de clasificación o colocación Restricciones de uso No para préstamo Código de colección Localización permanente Ubicación/localización actual Ubicación en estantería Fecha de adquisición Fuente de adquisición Signatura topográfica completa Código de barras Fecha visto por última vez Precio válido a partir de Tipo de ítem Koha Total de préstamos Número de copia
    Dewey Decimal Classification Excluido de préstamo   Patrimonio Dominicano Folletos Biblioteca Nacional Pedro Henríquez Ureña Biblioteca Nacional Pedro Henríquez Ureña En catalogación 03.07.2018 Donado BNPHU F-PD 352.77 R426c 2022-3583 28.07.2022 28.07.2022 Folleto    
    Dewey Decimal Classification Excluido de préstamo   Patrimonio Dominicano Folletos Biblioteca Nacional Pedro Henríquez Ureña Biblioteca Nacional Pedro Henríquez Ureña En catalogación 04.04.2022 Donación BNPHU F-PD 352.77 R426c 2025-9382 03.09.2025 03.09.2025 Folleto   e. 2

Con tecnología Koha